| 000 | 00702nam a2200181Ia 4500 | ||
|---|---|---|---|
| 008 | 140609s9999 xx 000 0 und d | ||
| 020 | _a9789715427050 | ||
| 050 |
_aGT 2346.P5 _b.Am68 2013 |
||
| 100 | _aSalvador-Amores, Analyn V. | ||
| 245 |
_aTapping Ink, tattooing identities : _btradition and modernity in contemporary kalinga society north luzon, Philippines / _cAnalyn V. Salvador-Amores, |
||
| 260 |
_aQuezon, Philippines : _bUniversity of the Philippines Press, _cc2013. |
||
| 300 |
_a467 p. : _bcol. Ill. ; _c26 cm. |
||
| 500 | _aIncludes bibliographical references and index. | ||
| 521 | _aGE | ||
| 650 |
_aTribal tattoos _xSocial life and customs. |
||
| 942 |
_kLOC _cBK |
||
| 999 |
_c118156 _d118156 |
||